Les 23 Pays les Plus Riches du monde - Statistiques

Statistiques générales
  • Ce quiz a été pris 1 319 fois
  • Le résultat moyen est 17 sur 23
Statistiques - réponses
Classement Mondial PIB en milliards de $ Pays % Correct
7 2936,70 France
99%
2 19911,59 Chine
98%
1 25346,81 États-Unis
98%
3 4912,15 Japon
93%
11 1829,05 Russie
93%
4 4256,54 Allemagne
92%
15 1435,56 Espagne
89%
8 2221,22 Canada
88%
5 3376,00 Royaume-Uni
88%
9 2058,33 Italie
86%
10 1833,27 Brésil
85%
6 3291,40 Inde
82%
13 1748,33 Australie
74%
16 1322,74 Mexique
74%
20 841,97 Suisse
72%
12 1804,68 Corée du Sud
68%
18 1040,17 Arabie Saoudite
62%
22 699,56 Pologne
54%
19 1013,60 Pays-Bas
53%
23 692,38 Turquie
50%
17 1289,30 Indonésie
47%
14 1739,01 Iran
36%
21 841,21 Taïwan
21%
Aucun quiz correspondant
Distribution des résultats
% des personnes avec chaque résultat
Percentile par nombre de réponses
Votre historique - résultats
Vous n’avez pas pris ce quiz